Smaki chrupek i chipsów - Statystyki

Ogólne statystyki
  • Ten quiz został rozwiązany 260 razy
  • Średni wynik to 5 z 15
Statystyki odpowiedzi
Hint Odpowiedź % Poprawnych
2 Papryka
87%
3 Zielona cebulka
84%
4 Solone
82%
9 Serowe
71%
11 Ketchup
51%
10 Bekon
41%
14 Pomidorów
17%
1 BBQ
13%
13 Czosnek
6%
12 Papryczka chill i limonka
5%
5 Foromage
3%
6 Pizzy
3%
7 Orzechowy
1%
8 Czekoladowy
0%
15 Tostów z serem
0%
Nie znaleziono quizów pasujących do podanych kryteriów
Rozkład punktacji
Procent ludzi z każdym wynikiem
Percentyl według liczby udzielonych odpowiedzi
Twoja historia wyników
Nie rozwiązałeś tego quizu